000 00866nam a2200253Ia 4500
003 OSt
005 20221005111636.0
006 a|||||r|||| 00| 0
007 ta
008 221004b |||||||| |||| 00| 0 hin d
024 _a28671
037 _cTextual
040 _aCRL
_cCRL
_bhin
041 _2hin
_ahin
082 _aNA253,C (Q4), 152 L4
100 _aकुमार, अन्नत, संपा.
245 0 _aबुद्वकालीन राजगृह
246 _aBudvakālīn rājagṛuha
260 _aपटना
_bबिहार हिन्दी ग्रंथ अकादमी भारत
_c1974
300 _a111पृ.
_ccm.
650 _aबौद्ध धर्म
942 _hNA253,C (Q4), 152 L4
_cTEXL
_2cc
999 _c1022434
_d1022434